[Event "C.to Europeo U16 femminile"]
[Site "Fermo ITA"]
[Date "2009.09.01"]
[Round "2"]
[White "Fransson, Angelina"]
[Black "Aguiar Neves, Marta Cristina"]
[Result "1-0"]
[WhiteElo "1844"]
[BlackElo "1418"]
[PlyCount "43"]
[EventDate "2009.08.31"]

1. e4 e6 2. d3 d5 3. Nd2 Nf6 4. Ngf3 c5 5. g3 b6 6. Bg2 Bb7 7. e5 Nfd7 8. O-O
Be7 9. Re1 O-O 10. Nf1 Nc6 11. h4 h6 12. N1h2 Nd4 13. Nxd4 cxd4 14. Qg4 Kh7 15.
Nf3 Qc7 16. Re2 Rac8 17. Bh3 a6 18. Qh5 f6 19. Nxd4 fxe5 20. Nxe6 Nf6 21. Bf5+
Kh8 22. Qg6 1-0

[Event "C.to Europeo U16 femminile"]
[Site "Fermo ITA"]
[Date "2009.09.01"]
[Round "2"]
[White "Froewis, Annika"]
[Black "Danelia, Mariam"]
[Result "0-1"]
[WhiteElo "1933"]
[BlackElo "2151"]
[PlyCount "44"]
[EventDate "2009.08.31"]

1. e4 c5 2. Nf3 d6 3. d4 cxd4 4. Nxd4 Nf6 5. Nc3 a6 6. Be3 Ng4 7. Bg5 h6 8. Bh4
g5 9. Bg3 Bg7 10. h3 Nf6 11. Bc4 Qb6 12. Nb3 Nc6 13. Qd2 Bd7 14. O-O-O Rc8 15.
f4 gxf4 16. Bxf4 Nb4 17. Bd3 Nxa2+ 18. Nxa2 Qxb3 19. Nc3 Qb4 20. Rhe1 Nh5 21.
g4 Nxf4 22. Qxf4 Rxc3 0-1

[Event "C.to Europeo U16 femminile"]
[Site "Fermo ITA"]
[Date "2009.09.01"]
[Round "2"]
[White "Fur, Katinka"]
[Black "Adamowicz, Katarzyna"]
[Result "1/2-1/2"]
[WhiteElo "1925"]
[BlackElo "2121"]
[PlyCount "129"]
[EventDate "2009.08.31"]

1. d4 d5 2. Nf3 Nf6 3. c4 c6 4. Nc3 e6 5. cxd5 exd5 6. Bg5 Be7 7. Qc2 O-O 8. e3
Nbd7 9. Bd3 Re8 10. O-O Nf8 11. Rab1 Ng6 12. Bxf6 Bxf6 13. b4 a6 14. Na4 Nf8
15. Rfc1 g6 16. Nc5 Qe7 17. a4 Bg4 18. Nd2 Bh4 19. Nf1 Rac8 20. a5 Be6 21. Qe2
Rb8 22. Nd2 f5 23. Nf3 Bf6 24. Qc2 Bf7 25. Re1 Qd6 26. g3 Re7 27. Rec1 Rbe8 28.
Na4 Ne6 29. Nc5 Ng5 30. Nxg5 Bxg5 31. Bf1 Bh6 32. Bd3 Bg7 33. Na4 Qf6 34. Rd1
Be6 35. Nc5 Bc8 36. Bf1 h5 37. Nd3 h4 38. Ne5 hxg3 39. hxg3 Qg5 40. Nf3 Qh6 41.
Bd3 Bf6 42. Kg2 Rh7 43. Rh1 Qg7 44. Rxh7 Qxh7 45. Rh1 Qe7 46. Qc5 Qe6 47. Qc3
Kg7 48. Nd2 Be7 49. Nb3 Bd6 50. Nc5 Qf6 51. Qc1 Qg5 52. f4 Qe7 53. Kf2 Qc7 54.
Rh2 Rh8 55. Rxh8 Kxh8 56. Qh1+ Kg7 57. Qe1 Qd8 58. Kg2 Qe8 59. Qc1 Kf6 60. Kf2
Qd8 61. Qh1 Kg7 62. Qe1 g5 63. Kg2 g4 64. Qb1 Qf6 65. Qh1 1/2-1/2

[Event "C.to Europeo U16 femminile"]
[Site "Fermo ITA"]
[Date "2009.09.01"]
[Round "2"]
[White "Haast, Anne"]
[Black "Vasilescu, Maria"]
[Result "1-0"]
[WhiteElo "2158"]
[BlackElo "1761"]
[PlyCount "67"]
[EventDate "2009.08.31"]

1. e4 e5 2. Nf3 Nc6 3. Bb5 a6 4. Ba4 d6 5. O-O Be7 6. d4 Bd7 7. d5 Nb8 8. Bxd7+
Nxd7 9. c4 g6 10. Qc2 a5 11. Nc3 Nc5 12. Be3 b6 13. a3 Na6 14. b4 Qd7 15. c5
bxc5 16. bxc5 f5 17. c6 Qc8 18. exf5 gxf5 19. Bg5 h6 20. Bxe7 Nxe7 21. Rfe1 Kf7
22. Nxe5+ dxe5 23. Rxe5 Nb4 24. axb4 axb4 25. Rae1 Re8 26. Na4 Qa6 27. Rxe7+
Rxe7 28. Qxf5+ Ke8 29. Qd7+ Kf8 30. Qxe7+ Kg8 31. Qe6+ Kg7 32. Qg4+ Kf8 33.
Qf5+ Kg8 34. Re7 1-0

[Event "C.to Europeo U16 femminile"]
[Site "Fermo ITA"]
[Date "2009.09.01"]
[Round "2"]
[White "Haitovich, Avital"]
[Black "Gijsen, Michelle"]
[Result "1-0"]
[WhiteElo "1890"]
[BlackElo "1679"]
[PlyCount "41"]
[EventDate "2009.08.31"]

1. e4 e5 2. Nf3 Nc6 3. Bb5 a6 4. Ba4 Nf6 5. d4 b5 6. Bb3 d6 7. dxe5 dxe5 8.
Qxd8+ Nxd8 9. Nxe5 Bb7 10. f3 Bc5 11. Nd3 Bb6 12. Bg5 Nd7 13. Nc3 c5 14. Bd5 c4
15. Bxb7 Nxb7 16. Nb4 f6 17. Bf4 Kf7 18. O-O-O Ndc5 19. Ncd5 Ba7 20. Nc7 Rac8
21. Nbxa6 1-0

[Event "C.to Europeo U16 femminile"]
[Site "Fermo ITA"]
[Date "2009.09.01"]
[Round "2"]
[White "Hughes, Rhian"]
[Black "Martin Fuentes, Paula"]
[Result "1-0"]
[WhiteElo "1850"]
[BlackElo "1547"]
[PlyCount "59"]
[EventDate "2009.08.31"]

1. c4 Nf6 2. Nc3 g6 3. g3 Bg7 4. Bg2 d6 5. e4 O-O 6. Nge2 c5 7. O-O Bd7 8. h3
Nc6 9. d3 Ne8 10. f4 f5 11. Rb1 Nc7 12. a3 Rb8 13. Be3 a6 14. b4 Ne6 15. exf5
Rxf5 16. g4 Rf8 17. Bd5 Kh8 18. bxc5 Nxc5 19. d4 Ne6 20. Bxe6 Bxe6 21. d5 Na5
22. Qd3 b5 23. cxb5 Bc8 24. bxa6 Bd7 25. Rxb8 Qxb8 26. Rb1 Qc8 27. a7 Nb7 28.
Qa6 Bxc3 29. Qxb7 Qxb7 30. Rxb7 1-0

[Event "C.to Europeo U16 femminile"]
[Site "Fermo ITA"]
[Date "2009.09.01"]
[Round "2"]
[White "Kazimova, Narmin Nizami Qizi"]
[Black "Gunther, Marcella"]
[Result "1-0"]
[WhiteElo "2218"]
[BlackElo "1857"]
[PlyCount "81"]
[EventDate "2009.08.31"]

1. Nf3 Nf6 2. c4 e6 3. Nc3 b6 4. e4 Bb7 5. d3 d6 6. Be2 Be7 7. O-O O-O 8. b3 c5
9. Bb2 Nbd7 10. Qc2 d5 11. exd5 exd5 12. Rad1 d4 13. Ne4 Qc7 14. Ng3 Bd6 15. b4
Rfe8 16. Rb1 Ne5 17. bxc5 bxc5 18. Nxe5 Bxe5 19. Ba3 Rab8 20. Bd1 Re6 21. Rb5
Nd7 22. Bg4 Rh6 23. Re1 a6 24. Rb3 Nf6 25. Bd1 Rg6 26. Qb2 Bd6 27. Bf3 Bxf3 28.
Rxb8+ Qxb8 29. Qxb8+ Bxb8 30. gxf3 h5 31. Kh1 h4 32. Ne4 Nxe4 33. Rxe4 Bd6 34.
Rxh4 f5 35. Rh5 Rf6 36. Rg5 Rh6 37. Rxf5 Bxh2 38. Bxc5 Be5+ 39. Kg2 Bf6 40. Rf4
Be5 41. Re4 1-0

[Event "C.to Europeo U16 femminile"]
[Site "Fermo ITA"]
[Date "2009.09.01"]
[Round "2"]
[White "Kessler, Michaela"]
[Black "Purgar, Ivona"]
[Result "0-1"]
[WhiteElo "1913"]
[BlackElo "2079"]
[PlyCount "50"]
[EventDate "2009.08.31"]

1. e4 c5 2. Nf3 e6 3. d4 cxd4 4. Nxd4 Nf6 5. Nc3 d6 6. g4 h6 7. Rg1 Nc6 8. h4
h5 9. gxh5 Nxh5 10. Bg5 Nf6 11. Rg3 a6 12. Nxc6 bxc6 13. Qf3 Qb6 14. O-O-O Nd7
15. Qe2 a5 16. Bg2 a4 17. Be3 Qa5 18. Bd2 Qb6 19. f4 Ba6 20. Qf3 Nc5 21. e5 d5
22. Kb1 Bc4 23. f5 a3 24. Bc1 axb2 25. Bxb2 Rb8 0-1

[Event "C.to Europeo U16 femminile"]
[Site "Fermo ITA"]
[Date "2009.09.01"]
[Round "2"]
[White "Kolomaznikova, Barbora"]
[Black "Dugnaite, Gerda"]
[Result "1/2-1/2"]
[WhiteElo "1864"]
[BlackElo "1643"]
[PlyCount "90"]
[EventDate "2009.08.31"]

1. e4 c6 2. d4 d5 3. exd5 cxd5 4. c4 Nf6 5. Nc3 e6 6. Bg5 Be7 7. Nf3 O-O 8. Bd3
dxc4 9. Bxc4 Nc6 10. O-O b6 11. Re1 Bb7 12. a3 Rc8 13. Ba2 Qd7 14. Qd2 Rfd8 15.
Rad1 Qc7 16. Qe2 h6 17. Bh4 Rd7 18. Nb5 Ba6 19. Bc4 Qb7 20. Ne5 Nxe5 21. dxe5
Ne8 22. Bxe7 Rxe7 23. b3 Bxb5 24. Bxb5 Nc7 25. Bc4 b5 26. Bd3 a6 27. Be4 Qb8
28. Rd2 Rd8 29. Red1 Rxd2 30. Rxd2 Nd5 31. Bxd5 exd5 32. Rxd5 Qc7 33. h3 Qc1+
34. Kh2 Re8 35. Rd7 Qf4+ 36. g3 Qxe5 37. Qxe5 Rxe5 38. Rd8+ Kh7 39. Rd6 Re6 40.
Rxe6 fxe6 41. Kg2 Kg6 42. Kf3 Kf5 43. g4+ Ke5 44. Ke3 g5 45. b4 Kd5 1/2-1/2

[Event "C.to Europeo U16 femminile"]
[Site "Fermo ITA"]
[Date "2009.09.01"]
[Round "2"]
[White "Messina, Roberta"]
[Black "Uusitupa, Erika"]
[Result "0-1"]
[WhiteElo "1900"]
[BlackElo "1691"]
[PlyCount "102"]
[EventDate "2009.08.31"]

1. e4 c5 2. Nf3 d6 3. d4 cxd4 4. Qxd4 a6 5. c4 Nc6 6. Qd2 Nf6 7. Nc3 g6 8. b3
Bg7 9. Bb2 O-O 10. Be2 Qa5 11. Rb1 Rd8 12. O-O Ne5 13. Rfd1 Bg4 14. Nxe5 dxe5
15. Qc2 Bxe2 16. Nxe2 e6 17. Bc3 Qc5 18. Ng3 Nd7 19. Rd3 Qc7 20. Rbd1 Nf8 21.
Qb2 f6 22. Qd2 Rxd3 23. Qxd3 f5 24. Bb4 Bf6 25. Qd6 Qxd6 26. Rxd6 Rd8 27. Rb6
Rd7 28. exf5 gxf5 29. Bxf8 Kxf8 30. Rxe6 Kf7 31. Rb6 f4 32. Nf1 e4 33. g3 e3
34. fxe3 fxe3 35. Rxf6+ Kxf6 36. Nxe3 Rd3 37. Nd5+ Ke5 38. Nf4 Rd1+ 39. Kf2
Rd2+ 40. Ke3 Rxa2 41. Nd3+ Kd6 42. c5+ Kc7 43. h4 a5 44. Kf4 Rd2 45. Ke3 Rg2
46. Kf3 Rc2 47. Ke3 Rc3 48. Kd2 Rxb3 49. Kc2 Ra3 50. g4 Ra4 51. Ne5 Re4 0-1

[Event "C.to Europeo U16 femminile"]
[Site "Fermo ITA"]
[Date "2009.09.01"]
[Round "2"]
[White "Miladinovic, Lena"]
[Black "Sop, Selen"]
[Result "1-0"]
[WhiteElo "2026"]
[BlackElo "1893"]
[PlyCount "71"]
[EventDate "2009.08.31"]

1. e4 c5 2. Nf3 e6 3. c4 a6 4. Nc3 d6 5. d4 cxd4 6. Nxd4 Nf6 7. Be2 Qc7 8. O-O
Be7 9. Be3 O-O 10. Rc1 b6 11. f3 Bb7 12. a3 Nbd7 13. b4 Rac8 14. Qd2 Qb8 15.
Kh1 Bd8 16. Rc2 Bc7 17. Bg1 Rfe8 18. Na4 d5 19. exd5 exd5 20. c5 bxc5 21. bxc5
Bf4 22. Qa5 Ne5 23. g3 Bh6 24. Nf5 Re6 25. Nxh6+ gxh6 26. Qd2 h5 27. Bd4 Kh8
28. Qc3 Rce8 29. f4 Ned7 30. Nb6 Kg8 31. Nxd7 Nxd7 32. Bxh5 Nxc5 33. Qf3 Ne4
34. Qg4+ Rg6 35. Bxg6 fxg6 36. Qd7 1-0

[Event "C.to Europeo U16 femminile"]
[Site "Fermo ITA"]
[Date "2009.09.01"]
[Round "2"]
[White "Monteiro Da Silva, Joana Filipa"]
[Black "Arnatskaya, Zoya"]
[Result "0-1"]
[WhiteElo "1458"]
[BlackElo "1847"]
[PlyCount "60"]
[EventDate "2009.08.31"]

1. e4 c5 2. Nf3 e6 3. d4 cxd4 4. Nxd4 Nf6 5. Nc3 d6 6. Bb5+ Bd7 7. Bxd7+ Qxd7
8. Be3 Nc6 9. Nf3 Be7 10. Qd2 O-O 11. O-O Rfd8 12. Rad1 Rab8 13. Nd4 Ne5 14. b3
a6 15. f4 Neg4 16. e5 Nxe3 17. Qxe3 Ne8 18. f5 d5 19. f6 gxf6 20. exf6 Nxf6 21.
Qg5+ Kh8 22. Rxf6 Rg8 23. Qh6 Bxf6 24. Qxf6+ Rg7 25. Rd3 Qd8 26. Qe5 Rc8 27.
Rg3 f6 28. Rxg7 fxe5 29. Nxe6 Qb6+ 30. Kh1 Qxe6 0-1

[Event "C.to Europeo U16 femminile"]
[Site "Fermo ITA"]
[Date "2009.09.01"]
[Round "2"]
[White "Neuhauser, Salome"]
[Black "Salido Polo, Veronica"]
[Result "1-0"]
[WhiteElo "2021"]
[BlackElo "1880"]
[PlyCount "105"]
[EventDate "2009.08.31"]

1. e4 c5 2. Nf3 d6 3. d4 cxd4 4. Nxd4 Nf6 5. Nc3 g6 6. Be3 Bg7 7. f3 O-O 8. Qd2
Nc6 9. O-O-O d5 10. exd5 Nxd5 11. Nxc6 bxc6 12. Nxd5 cxd5 13. Qxd5 Qc7 14. Qc5
Qb7 15. b3 Bf5 16. Bd3 Rfc8 17. Qa5 Bxd3 18. Rxd3 Qc6 19. c4 Qf6 20. Bd4 e5 21.
Bb2 Qg5+ 22. Qd2 Qxd2+ 23. Kxd2 e4 24. Bxg7 exd3 25. Bd4 Rd8 26. Kxd3 Rd6 27.
Kc3 Rad8 28. Rd1 Ra6 29. Rd2 Ra5 30. c5 Rd5 31. Re2 Raxc5+ 32. Bxc5 Rxc5+ 33.
Kb4 Rh5 34. g3 Kf8 35. a4 Rf5 36. f4 Rh5 37. Kc4 h6 38. h4 Rf5 39. b4 f6 40.
Re4 g5 41. hxg5 fxg5 42. fxg5 Rxg5 43. g4 Kf7 44. b5 h5 45. gxh5 Rxh5 46. Kb4
Rg5 47. a5 Rg1 48. Kc5 Rb1 49. Kc6 Rc1+ 50. Kb7 Rb1 51. Re5 Kf6 52. Rc5 Ra1 53.
a6 1-0

[Event "C.to Europeo U16 femminile"]
[Site "Fermo ITA"]
[Date "2009.09.01"]
[Round "2"]
[White "Perera Borrego, Mariela"]
[Black "Arabidze, Meri"]
[Result "1-0"]
[WhiteElo "1969"]
[BlackElo "2217"]
[PlyCount "87"]
[EventDate "2009.08.31"]

1. d4 Nf6 2. Nf3 e6 3. e3 b6 4. Bd3 Bb7 5. O-O d5 6. Ne5 Bd6 7. Nd2 O-O 8. b3
Nbd7 9. f4 a6 10. a4 c5 11. Bb2 cxd4 12. exd4 Ne4 13. Nxe4 dxe4 14. Bc4 Nf6 15.
Qe2 Qc8 16. g4 e3 17. h3 Bxe5 18. dxe5 Qc6 19. Kh2 Ne4 20. Qxe3 Nd6 21. Rf2
Nxc4 22. bxc4 Rfd8 23. Bd4 Qxc4 24. Bxb6 Rd5 25. f5 exf5 26. gxf5 Re8 27. Rg1
Qh4 28. Rg4 Qh5 29. Bd4 g6 30. e6 Rxf5 31. exf7+ Kxf7 32. Qb3+ Kf8 33. Qxb7
Rxf2+ 34. Bxf2 Qf5 35. Qb4+ Kg8 36. Qc4+ Re6 37. Rf4 Qe5 38. Bg3 Qe3 39. Qc8+
Re8 40. Qc4+ Re6 41. Rf2 Kg7 42. Qf4 Qxf4 43. Bxf4 Re4 44. a5 1-0

[Event "C.to Europeo U16 femminile"]
[Site "Fermo ITA"]
[Date "2009.09.01"]
[Round "2"]
[White "Petrova, Irina"]
[Black "Turkova, Karolina"]
[Result "1/2-1/2"]
[WhiteElo "1987"]
[BlackElo "1787"]
[PlyCount "116"]
[EventDate "2009.08.31"]

1. d4 d5 2. c4 c6 3. Nf3 Nf6 4. Nc3 e6 5. Bg5 Nbd7 6. cxd5 exd5 7. e3 Bd6 8.
Bd3 O-O 9. Qc2 Qa5 10. O-O h6 11. Bh4 Re8 12. a3 a6 13. Rfc1 Be7 14. b4 Qd8 15.
Nd2 Nf8 16. Qb2 Bg4 17. a4 Qb6 18. Rab1 a5 19. Bxf6 gxf6 20. b5 Rab8 21. Qa2
Qd8 22. Ne2 Qd6 23. Nf1 Nh7 24. f3 Bd7 25. Nf4 Ng5 26. Qf2 Ne6 27. Qg3+ Kh8 28.
Qh4 Bf8 29. Qxf6+ Bg7 30. Qxf7 Nxf4 31. exf4 Bxd4+ 32. Kh1 Re7 33. Qh5 Qxf4 34.
bxc6 Bxc6 35. Ng3 Rbe8 36. Nf5 Re6 37. Nxd4 Qxd4 38. Bg6 R8e7 39. Qxh6+ Kg8 40.
Bh7+ Kh8 41. Qh3 Qf4 42. Bg6+ Kg8 43. Bh7+ Kg7 44. Bd3 Rh6 45. Qg4+ Qxg4 46.
fxg4 Re3 47. Bb5 d4 48. Bxc6 bxc6 49. Kg1 Rd6 50. h4 Re4 51. Rb7+ Kg6 52. h5+
Kh6 53. Rb6 Ree6 54. Kf2 d3 55. Re1 Rf6+ 56. Ke3 d2 57. Rd1 Rfe6+ 58. Kf2 Rf6+
1/2-1/2

[Event "C.to Europeo U16 femminile"]
[Site "Fermo ITA"]
[Date "2009.09.01"]
[Round "2"]
[White "Polin, Giulia"]
[Black "De Seroux, Camille"]
[Result "1/2-1/2"]
[WhiteElo "1711"]
[BlackElo "1950"]
[PlyCount "63"]
[EventDate "2009.08.31"]

1. e4 c5 2. Nf3 d6 3. d4 cxd4 4. Nxd4 Nf6 5. Nc3 g6 6. Be2 Bg7 7. Be3 O-O 8.
O-O Nc6 9. Nb3 Bd7 10. f4 Rc8 11. Kh1 a6 12. Bf3 b5 13. Rb1 Na5 14. g4 Nc4 15.
Bd4 e5 16. fxe5 dxe5 17. Bc5 Rxc5 18. Nxc5 Ne3 19. Qd6 Nxf1 20. Nxd7 Qxd7 21.
Qxd7 Nxd7 22. Rxf1 Rc8 23. Rd1 Nc5 24. g5 Ne6 25. Bg4 b4 26. Nd5 Rxc2 27. Bxe6
fxe6 28. Nxb4 Rxb2 29. Nxa6 Rxa2 30. Nc7 Ra7 31. Nxe6 Re7 32. Nxg7 1/2-1/2

[Event "C.to Europeo U16 femminile"]
[Site "Fermo ITA"]
[Date "2009.09.01"]
[Round "2"]
[White "Schulz, Anja"]
[Black "Bulmaga, Irina"]
[Result "0-1"]
[WhiteElo "1987"]
[BlackElo "2277"]
[PlyCount "70"]
[EventDate "2009.08.31"]

1. e4 c5 2. Nf3 e6 3. d4 cxd4 4. Nxd4 Nc6 5. Nxc6 bxc6 6. Bd3 d5 7. O-O Nf6 8.
exd5 cxd5 9. Re1 Bd6 10. Nc3 O-O 11. Bg5 Bb7 12. Qf3 h6 13. Bh4 a6 14. Rad1 Re8
15. Bf1 Rc8 16. h3 g5 17. Bg3 Bxg3 18. Qxg3 Nh5 19. Qg4 Nf4 20. Ne2 f5 21. Qf3
Nxe2+ 22. Rxe2 Qf6 23. c3 e5 24. Qh5 Kg7 25. f3 Re7 26. Red2 Bc6 27. f4 exf4
28. Bd3 Re3 29. Rf1 f3 30. Bxf5 Qxf5 31. Rxf3 Re1+ 32. Kf2 Qe6 33. Qg4 Qxg4 34.
hxg4 Re4 35. Kg3 Rf8 0-1

[Event "C.to Europeo U16 femminile"]
[Site "Fermo ITA"]
[Date "2009.09.01"]
[Round "2"]
[White "Schut, Lisa"]
[Black "Forsa, Elise"]
[Result "1-0"]
[WhiteElo "2212"]
[BlackElo "1728"]
[PlyCount "143"]
[EventDate "2009.08.31"]

1. e4 c5 2. Nf3 e6 3. d4 cxd4 4. Nxd4 a6 5. Bd3 Qb6 6. Nb3 Qc7 7. O-O Nf6 8.
Nc3 d6 9. f4 b5 10. e5 Nfd7 11. exd6 Bxd6 12. Kh1 Nf6 13. Bxb5+ Nbd7 14. Bd3
Bb7 15. Be3 O-O 16. Qd2 Rad8 17. Rad1 Bc5 18. Nxc5 Nxc5 19. Bxc5 Qxc5 20. Qe2
Qb6 21. b3 Qc6 22. Nb1 Nd5 23. Be4 Qb6 24. Rd3 Nf6 25. Bxb7 Qxb7 26. Rxd8 Rxd8
27. Rd1 Rc8 28. c4 h6 29. Nc3 Qc7 30. Qf3 Qa5 31. g3 Re8 32. Rd2 e5 33. Re2 Nd7
34. Nd5 Kf8 35. Qd3 Kg8 36. Qf5 Nb6 37. Rxe5 Rxe5 38. Qxe5 Nxd5 39. cxd5 Qxa2
40. Qe8+ Kh7 41. Qe4+ Kg8 42. Qd3 Qa5 43. d6 Kf8 44. b4 Qxb4 45. Qxa6 Qe4+ 46.
Kg1 Qe3+ 47. Kg2 Qe4+ 48. Kf2 Qd4+ 49. Kf3 Qd5+ 50. Ke3 Qc5+ 51. Kd3 Qd5+ 52.
Kc3 Qc5+ 53. Kd2 Qf2+ 54. Kc3 Qc5+ 55. Kd3 Qd5+ 56. Ke3 Qc5+ 57. Ke2 Qh5+ 58.
Ke1 f6 59. Qa3 Qe8+ 60. Kf2 Qd7 61. Qa8+ Qe8 62. Qd5 Qf7 63. Qc5 Qa2+ 64. Kg1
Qb1+ 65. Kg2 Qa2+ 66. Kf3 Qb3+ 67. Kg4 Qe6+ 68. Kf3 Ke8 69. Qc6+ Qd7 70. Qa8+
Kf7 71. Qd5+ Kf8 72. f5 1-0

[Event "C.to Europeo U16 femminile"]
[Site "Fermo ITA"]
[Date "2009.09.01"]
[Round "2"]
[White "Soylemez, Cansu"]
[Black "Hohluka, Arina"]
[Result "1-0"]
[WhiteElo "1879"]
[BlackElo "1654"]
[PlyCount "107"]
[EventDate "2009.08.31"]

1. d4 d5 2. c4 e6 3. Nc3 Nf6 4. cxd5 exd5 5. Bg5 Be7 6. e3 O-O 7. Bd3 c6 8. Qc2
Nbd7 9. Nge2 b6 10. O-O Bb7 11. f3 Rc8 12. Rad1 c5 13. Bf5 b5 14. Bxf6 Bxf6 15.
Bxh7+ Kh8 16. Qf5 g6 17. Bxg6 fxg6 18. Qxg6 Qe7 19. Qh6+ Kg8 20. f4 Qxe3+ 21.
Kh1 Rf7 22. Rf3 Qe7 23. Rg3+ Rg7 24. Rh3 Rh7 25. Qxh7+ Qxh7 26. Rxh7 Kxh7 27.
Nxb5 Ba6 28. Nbc3 Bxe2 29. Nxe2 cxd4 30. g4 Nb6 31. g5 Bg7 32. b3 Rc2 33. Nxd4
Bxd4 34. Rxd4 Rxa2 35. f5 Rf2 36. f6 Kg6 37. h4 Rf3 38. b4 Rf5 39. Kg2 Nd7 40.
Kg3 Nxf6 41. gxf6 Kxf6 42. Rf4 Kg6 43. Rxf5 Kxf5 44. Kf3 d4 45. h5 d3 46. Ke3
d2 47. Kxd2 Kg5 48. Kd3 Kxh5 49. Kc4 Kg6 50. Kb5 Kf6 51. Ka6 Ke6 52. Kxa7 Kd6
53. b5 Kc5 54. b6 1-0

[Event "C.to Europeo U16 femminile"]
[Site "Fermo ITA"]
[Date "2009.09.01"]
[Round "2"]
[White "Tsarouha, Marianthi"]
[Black "Venturelli, Ester"]
[Result "1/2-1/2"]
[WhiteElo "1763"]
[BlackElo "1572"]
[PlyCount "81"]
[EventDate "2009.08.31"]

1. d4 d5 2. c4 e6 3. Nc3 Nf6 4. Nf3 c5 5. cxd5 exd5 6. Bg5 c4 7. Bxf6 gxf6 8.
e4 Bb4 9. exd5 Qxd5 10. Qe2+ Qe6 11. Nd2 Nc6 12. Nb5 Qxe2+ 13. Bxe2 O-O 14.
Bxc4 Bf5 15. d5 Rad8 16. Rd1 Bc2 17. Rc1 Ba4 18. Nc3 Bxc3 19. Rxc3 Rfe8+ 20.
Kf1 Ne5 21. b3 Nxc4 22. bxc4 b5 23. g3 bxc4 24. Kg2 Rxd5 25. Rxc4 Rxd2 26. Rxa4
Ree2 27. a3 Rxf2+ 28. Kh3 Rd7 29. Rc1 Rf5 30. Rc8+ Kg7 31. Ra8 Rh5+ 32. Kg4
Rxh2 33. R8xa7 h5+ 34. Kf4 Rd1 35. Rb4 Rhd2 36. Rbb7 Rd4+ 37. Ke3 R4d3+ 38. Ke4
Rd4+ 39. Kf3 R4d3+ 40. Kg2 R3d2+ 41. Kf3 1/2-1/2

[Event "C.to Europeo U16 femminile"]
[Site "Fermo ITA"]
[Date "2009.09.01"]
[Round "2"]
[White "Venturelli, Miriam"]
[Black "Nieto Asencio, Maria del Carmen"]
[Result "1/2-1/2"]
[WhiteElo "1520"]
[BlackElo "1634"]
[PlyCount "80"]
[EventDate "2009.08.31"]

1. e4 c5 2. c3 g6 3. d4 cxd4 4. cxd4 d5 5. e5 Bg7 6. Nf3 Nc6 7. Bf4 Bg4 8. Be2
Qb6 9. Nc3 Bxf3 10. Bxf3 e6 11. Ne2 Nge7 12. Rb1 Nf5 13. Be3 O-O 14. O-O f6 15.
exf6 Bxf6 16. Bg4 Rae8 17. Bxf5 exf5 18. Nc3 Rd8 19. Qf3 Bxd4 20. Nxd5 Qc5 21.
Nf4 Rfe8 22. Bxd4 Rxd4 23. Qb3+ Qc4 24. Qxc4+ Rxc4 25. Nd5 Kf7 26. Nc3 a6 27.
Rbd1 Rd4 28. Rxd4 Nxd4 29. g3 Ne2+ 30. Nxe2 Rxe2 31. Rb1 Ke6 32. Kf1 Rd2 33.
Re1+ Kd6 34. Re2 Rxe2 35. Kxe2 Kd5 36. Kd3 g5 37. h3 h6 38. g4 Ke5 39. Ke3 f4+
40. Kd3 Kd5 1/2-1/2

[Event "C.to Europeo U16 femminile"]
[Site "Fermo ITA"]
[Date "2009.09.01"]
[Round "2"]
[White "Yashchenko, Olena"]
[Black "Suarez Calvo, Alesandra"]
[Result "0-1"]
[WhiteElo "1645"]
[BlackElo "2023"]
[PlyCount "90"]
[EventDate "2009.08.31"]

1. d4 Nf6 2. c4 c5 3. Nf3 cxd4 4. Nxd4 e5 5. Nb5 d5 6. cxd5 Bc5 7. e3 O-O 8.
Bc4 Bf5 9. O-O Nbd7 10. Nd2 e4 11. Nb3 a6 12. Nc3 Bd6 13. Nd4 Bg6 14. h3 Ne5
15. Bb3 Nd3 16. a3 Qe7 17. Bc2 Bh5 18. g4 Nxg4 19. hxg4 Qh4 20. f4 exf3 21.
Rxf3 Qxg4+ 22. Kf1 Ne5 23. Bf5 Qh4 24. Rh3 Qxh3+ 25. Bxh3 Bxd1 26. Nxd1 g5 27.
Nf5 Bc5 28. b4 Bb6 29. Bb2 f6 30. Nf2 h5 31. Ne4 g4 32. Bg2 Rad8 33. Neg3 Nc4
34. Bc3 h4 35. Nxh4 Nxe3+ 36. Ke2 Rde8 37. Kd3 Rd8 38. Nh5 Nxg2 39. Nxg2 Rxd5+
40. Kc2 Rxh5 41. Nf4 Rh2+ 42. Kb3 g3 43. Ne6 Re8 44. Nd4 g2 45. Rg1 f5 0-1

[Event "C.to Europeo U16 femminile"]
[Site "Fermo ITA"]
[Date "2009.09.01"]
[Round "2"]
[White "Zakoscielna, Kinga"]
[Black "Johannsdottir, Johanna Bjorg"]
[Result "1-0"]
[WhiteElo "2089"]
[BlackElo "1721"]
[PlyCount "67"]
[EventDate "2009.08.31"]

1. e4 c5 2. Nf3 e6 3. d4 cxd4 4. Nxd4 a6 5. Bd3 Qc7 6. Qe2 d6 7. O-O Nf6 8. c4
g6 9. Nc3 Bg7 10. Be3 Bd7 11. f4 Nc6 12. Nb3 O-O 13. Rac1 Rac8 14. c5 Nb4 15.
Bb1 d5 16. e5 Ne4 17. Nxe4 dxe4 18. Qd2 Nd3 19. Bxd3 exd3 20. Nd4 Qd8 21. Rfd1
f6 22. exf6 Qxf6 23. Qxd3 Bh6 24. Rf1 Rcd8 25. Qe4 a5 26. b3 Rfe8 27. c6 bxc6
28. Nxc6 Ra8 29. Ne5 Bb5 30. Rfd1 Rac8 31. Rxc8 Rxc8 32. Qb7 Rc3 33. Ng4 Qf8
34. Nxh6+ 1-0

[Event "C.to Europeo U16 femminile"]
[Site "Fermo ITA"]
[Date "2009.09.02"]
[Round "3"]
[White "Bochis, Julia"]
[Black "Bukhteeva, Viktoria"]
[Result "1-0"]
[WhiteElo "2053"]
[BlackElo "2175"]
[PlyCount "67"]
[EventDate "2009.08.31"]

1. e4 e5 2. Bc4 Nc6 3. Nc3 Nf6 4. d3 Bc5 5. f4 d6 6. f5 h6 7. a3 Bd4 8. Nge2
Bb6 9. h3 Nd4 10. Nxd4 Bxd4 11. Qf3 c6 12. Bd2 b5 13. Bb3 Qb6 14. g4 a5 15. h4
h5 16. gxh5 Nxh5 17. Qg2 Ra7 18. Nd1 Rd7 19. c3 Bc5 20. Be6 fxe6 21. Qg6+ Rf7
22. fxe6 Bf2+ 23. Nxf2 Qxf2+ 24. Kd1 Bxe6 25. Qxe6+ Kd8 26. Qxd6+ Rd7 27. Qb8+
Ke7 28. Qxe5+ Kf7 29. Kc2 Rxd3 30. Qc7+ Ke6 31. Kxd3 Qf3+ 32. Kd4 Qf6+ 33. Ke3
Qh6+ 34. Kd3 1-0

[Event "C.to Europeo U16 femminile"]
[Site "Fermo ITA"]
[Date "2009.09.02"]
[Round "3"]
[White "Brunello, Marina"]
[Black "Neuhauser, Salome"]
[Result "1-0"]
[WhiteElo "2159"]
[BlackElo "2021"]
[PlyCount "85"]
[EventDate "2009.08.31"]

1. e4 c5 2. Nf3 Nc6 3. c3 d5 4. exd5 Qxd5 5. d4 Bg4 6. Be2 cxd4 7. cxd4 e6 8.
O-O Nf6 9. h3 Bh5 10. Nc3 Qa5 11. Be3 Rd8 12. a3 Be7 13. Qb3 Rd7 14. Rfe1 O-O
15. Ne5 Nxd4 16. Bxd4 Rxd4 17. Bxh5 Nxh5 18. Qxb7 Qc5 19. Nc6 Bh4 20. Nxd4 Qxd4
21. Qf3 Nf6 22. Rad1 Qb6 23. b4 Rc8 24. g3 Bg5 25. Ne4 Nxe4 26. Rxe4 Bf6 27.
Kg2 h6 28. Ree1 Qa6 29. Rc1 Rb8 30. Rc7 Rd8 31. Rd1 Rxd1 32. Qxd1 Qxa3 33. Rc8+
Kh7 34. Qc2+ g6 35. Rc7 Kg7 36. Qc4 Be5 37. Rb7 Qb2 38. Qxe6 Kh7 39. Qxf7+ Bg7
40. Rxa7 Qe5 41. Qxg7+ Qxg7 42. Rxg7+ Kxg7 43. b5 1-0

[Event "C.to Europeo U16 femminile"]
[Site "Fermo ITA"]
[Date "2009.09.02"]
[Round "3"]
[White "Dugnaite, Gerda"]
[Black "Tsarouha, Marianthi"]
[Result "0-1"]
[WhiteElo "1643"]
[BlackElo "1763"]
[PlyCount "64"]
[EventDate "2009.08.31"]

1. e4 c5 2. Nf3 e6 3. d4 cxd4 4. Nxd4 Nf6 5. Nc3 d6 6. Be3 a6 7. a4 Qc7 8. f4
Be7 9. Be2 O-O 10. O-O Nc6 11. Nb3 b6 12. Bf3 Bb7 13. Qe1 Nd7 14. Qg3 Bf6 15.
f5 Nce5 16. Bg5 exf5 17. Bxf6 Nxf6 18. Rae1 fxe4 19. Be2 Kh8 20. Qh4 Ng6 21.
Qg3 Qc6 22. Kh1 Rad8 23. Nd4 Qc5 24. Nf5 d5 25. Nh4 d4 26. Rf5 Qc8 27. Nd1 Nxh4
28. Rxf6 gxf6 29. Qxh4 Qe6 30. Bg4 f5 31. Bh3 Rg8 32. Nf2 Qg6 0-1

[Event "C.to Europeo U16 femminile"]
[Site "Fermo ITA"]
[Date "2009.09.02"]
[Round "3"]
[White "Gijsen, Michelle"]
[Black "Cavalli, Benedetta"]
[Result "1-0"]
[WhiteElo "1679"]
[BlackElo "1521"]
[PlyCount "53"]
[EventDate "2009.08.31"]

1. e4 e5 2. Nf3 Nc6 3. Bc4 Nf6 4. d3 Bc5 5. c3 d5 6. exd5 Nxd5 7. O-O O-O 8.
Re1 f6 9. d4 exd4 10. cxd4 Bb4 11. Nc3 Bxc3 12. bxc3 Kh8 13. Ba3 Nce7 14. Bxd5
Nxd5 15. Bxf8 Qxf8 16. Qb3 c6 17. Re2 Nf4 18. Re4 Nd5 19. c4 Nb6 20. Rae1 Bf5
21. Re7 Rb8 22. d5 cxd5 23. cxd5 Rd8 24. h3 Bg6 25. d6 Rxd6 26. Nh4 Rd7 27.
Nxg6+ 1-0